ロード中...
How to export garments successfully /
| 第一著者: | |
|---|---|
| フォーマット: | Printed Book |
| 言語: | English |
| 出版事項: |
Delhi :
Global Business Press,
1995.
|
| LEADER | 00511nam a22001457a 4500 | ||
|---|---|---|---|
| 008 | 170127b xxu||||| |||| 00| 0 eng d | ||
| 999 | |c 162135 |d 162135 | ||
| 020 | |a 817240087x | ||
| 082 | |a 338.47687 | ||
| 100 | |a Shukla, R. S. | ||
| 245 | |a How to export garments successfully / |c R. S. Shukla | ||
| 260 | |b Global Business Press, |c 1995. |a Delhi : | ||
| 300 | |a 224 p. | ||
| 942 | |c BK | ||
| 952 | |0 0 |1 0 |4 0 |6 338_476870000000000_SHU_H |7 0 |9 177930 |a CMS |b CMS |c ST1 |d 2017-01-27 |i 6391 |l 0 |o 338.47687 SHU/H |p CMS6391 |r 2017-01-27 |w 2017-01-27 |y BK | ||